00669nai a2200169Ia 4500003000900000008004100009022002200050022002300072040001600095245006100111260008600172310001200258362003000270521006900300650003900369856009100408IN-BaIIA211028c9999 xx s 000 0 eng d a0893-6706 (Print) a2162-1373 (Online) cIIA Library 0aIEEE Transactions on Ultrasonics Engineeringh[eJournal] aNew York, USAbThe Institute of Electrical and Electronics Engineers, Inc. (IEEE) a10/year a10(1); 1963 - 10(3); 1963 bSubscribed through National Knowledge Resource Consortium (NKRC) aFields, Waves and Electromagnetics uhttps://ieeexplore.ieee.org/servlet/opac?punumber=10325yClick Here to Access eJournal